Cascade of Overlapping Clues Quiz Stats

 Plays Quiz Updated Jan 20, 2017

Challenge
Share
Tweet
Score 0/50 Timer 20:00
0 Plays Today
spot space % Correct
1A1 and A2 are planets.
100%
1A2 and A3 are chemical elements.
99.5%
1A5 and A6 are fruits.
99.5%
1A6 and A7 appear in titles of Mark Twain novels.
99.5%
1A3 and A4 are three-letter words.
99.5%
1A4 and A5 are colors of the rainbow.
99.5%
1A7 and A8 are US states.
99.5%
1A8 and A9 are surnames of US Presidents.
99.5%
1A9 and A10 are surnames of UK Prime Ministers.
99.5%
1A10 and A1 are brand-name candy bars.
99.5%
2--------- MARS -------- B1 and B2 are organs in the human body.
90.8%
2------ MERCURY ------- B2 and B3 are groups elected to the Rock and Roll Hall of Fame.
89.1%
2--------- RED ---------- B4 and B5 are real or mythical birds.
88.8%
2------- ORANGE ------- B5 and B6 are among the 10 most populous US cities.
86.3%
2---- WASHINGTON ---- B8 and B9 appear in titles of Shakespeare plays.
77.9%
2---------- TIN ---------- B3 and B4 are chess pieces.
71.4%
3-------- QUEEN -------- C3 and C4 are types of hat.
66.4%
3-------- HEART -------- C2 and C3 are cities in Morocco.
65.8%
3------ PHOENIX ------- C5 and C6 are well-known dog breeds.
65.4%
3-------- ROOK --------- C4 and C5 are types of athlete who compete indoors.
63.8%
2---- HUCKLEBERRY ---- B6 and B7 are long-running Broadway musicals.
60.8%
2---- CONNECTICUT ---- B7 and B8 feature in the nursery rhyme 'As I was going to St. Ives.'
55.5%
3------ CHICAGO ------- C6 and C7 are states in Mexico.
55.1%
3-------- KIDNEY ------- C1 and C2 won Academy Awards for Best Picture.
49.9%
2------- WILSON ------- B9 and B10 are national capitals.
46.1%
spot space % Correct
4-----CASABLANCA----- D2 and D3 are types of bird.
43.1%
3--------- CATS --------- C7 and C8 are chili-based sauces.
42.5%
4----- CHIHUAHUA ----- D6 and D7 are synonyms of 'chaste.'
40.3%
4---------- FEZ --------- D3 and D4 are synonyms of 'complain.'
37.9%
3-------- WIVES -------- C8 and C9 are burrowing mammals.
34.2%
2------- HEATH -------- B10 and B1 are common types of bean.
32.9%
4------- BOWLER ------- D4 and D5 are types of fish.
31.9%
3------- ATHENS ------- C9 and C10 are synonyms of 'harass.'
28%
3--------- LIMA -------- C10 and C1 are princes whose deaths end Shakespeare tragedies.
27.7%
4-------- BOXER -------- D5 and D6 are stringed musical instruments.
26.9%
4------ TABASCO ------- D7 and D8 are names of numerous popes.
23.8%
4------- HAMLET ------- D1 and D2 are countries.
23.7%
4-------- MOLE --------- D8 and D9 are signs of the zodiac.
22.8%
5LEO
17.5%
4------ BADGER -------- D9 and D10 are diseases.
17.5%
5CANCER
16.1%
5BASS
15.9%
5CARP
14.1%
5INNOCENT
13.4%
5TURKEY
11.6%
5GROUSE
9.4%
5VIRGINAL
5.6%
5SERBIA
3.2%
4------- HECTOR ------- D10 and D1 are anagrams of 'braise.'
3.2%
5RABIES
2.7%

You're not logged in!

Compare scores with friends on all Sporcle quizzes.
OR
Log In

You Might Also Like...

Show Comments

Extras

Top Quizzes Today


Score Distribution

Your Account Isn't Verified!

In order to create a playlist on Sporcle, you need to verify the email address you used during registration. Go to your Sporcle Settings to finish the process.

Report this User

Report this user for behavior that violates our Community Guidelines.

Details: